ANATOMY AND PHYSIOLOGY (Record no. 16573)

MARC details
000 -LEADER
fixed length control field 00287nam a22001337a 4500
003 - CONTROL NUMBER IDENTIFIER
control field SGT
020 ## - INTERNATIONAL STANDARD BOOK NUMBER
International Standard Book Number 978-93-8085-562-4
082 ## - DEWEY DECIMAL CLASSIFICATION NUMBER
Classification number 611
Item number A19K
100 ## - MAIN ENTRY--PERSONAL NAME
Personal name KAUR, NIRMAL
245 ## - TITLE STATEMENT
Title ANATOMY AND PHYSIOLOGY
250 ## - EDITION STATEMENT
Edition statement 3RD
260 ## - PUBLICATION, DISTRIBUTION, ETC. (IMPRINT)
Place of publication, distribution, etc INDIA
Name of publisher, distributor, etc LOTUS
Year of Publication 2019
942 ## - ADDED ENTRY ELEMENTS (KOHA)
Source of classification or shelving scheme Dewey Decimal Classification
Koha item type Books
942 ## - ADDED ENTRY ELEMENTS (KOHA)
-- 157
Holdings
Withdrawn status Lost status Source of classification or shelving scheme Damaged status Not for loan Collection code Home library Current library Shelving location Date acquired Vendor Name Cost, normal purchase price SGTU Bill Number Total Checkouts Total Renewals Full call number Accession No. (Barcode) Date last seen Date last borrowed Bill Date Koha item type
    Dewey Decimal Classification     NURSING SGT Medical Library SGT Medical Library Text Book 21/01/2019 ABC 790.00 SGTU 10396 32 1 611 A19K FN3972 08/12/2025 02/12/2025 08/12/2018 Books
    Dewey Decimal Classification     NURSING SGT Medical Library SGT Medical Library Text Book 21/01/2019 ABC 790.00 SGTU 10396 49 1 611 A19K FN3973 03/11/2025 28/10/2025 08/12/2018 Books
    Dewey Decimal Classification     NURSING SGT Medical Library SGT Medical Library Text Book 21/01/2019 ABC 790.00 SGTU 10396 59 1 611 A19K FN3974 13/10/2025 13/10/2025 08/12/2018 Books
    Dewey Decimal Classification     NURSING SGT Medical Library SGT Medical Library Text Book 21/01/2019 ABC 790.00 SGTU 10396 44   611 A19K FN3975 11/07/2025 20/06/2025 08/12/2018 Books